000 00289nam a22001337a 4500
008 170915b xxu||||| |||| 00| 0 eng d
020 _a9780767417044
041 _aeng
080 _a7
100 _a44
101 _aART
245 _aTHE CREATIVE SPIRIT
_cARNOLD.S
942 _2udc
_cBK
999 _c27785
_d27785